| Поле | Название | Значение |
| |
Тип записи |
i |
| |
Библиографический уровень |
m |
| 001 |
Контрольный номер |
RU/IS/BASE/490380103 |
| 005 |
Дата корректировки |
20201206204948.8 |
| 010 |
Индекс ISBN |
__ |
| d |
Цена |
521-44 |
| 100 |
Данные общей обработки |
__ |
| a |
Данные общей обработки |
19150716d2013||||||| 0rusy0189 ca |
| 101 |
Язык документа |
0_ |
| a |
Язык текста |
rus |
| 102 |
Страна публикации |
__ |
| a |
Страна публикации |
ru| |
| 105 |
Кодированные данные (монография) |
__ |
| a |
Кодированные данные (монография) |
an|||||||||zy |
| 127 |
Кодированные данные (звукозаписи-физические характеристики) |
__ |
| a |
Продолжительность проигрывания |
1 ч 40 мин |
| 200 |
Заглавие и сведения об ответственности |
1_ |
| a |
Заглавие |
"Ночь перед Рождеством" |
| e |
Сведения, относящиеся к заглавию |
[повесть : 12+] |
| f |
Первые сведения об ответственности |
Н. В. Гоголь ; [исполняет Владимир Стукалов] ; ИДДК |
| b |
Общее обозначение материала |
Звукозапись |
| 210 |
Выходные данные |
__ |
| a |
Место издания |
Москва |
| c |
Издательство |
Агентство |
| d |
Дата издания |
2013 |
| 215 |
Физическое описание |
__ |
| a |
Объем |
1 электрон. опт. диск (Audio CD) |
| c |
Иллюстрации/тип воспроизводства |
mp3, stereo |
| d |
Формат |
13х14 см |
| 225 |
Серия |
__ |
| a |
Серия |
Audiobook |
| 230 |
Специфическая характеристика материала: электронные ресурсы |
__ |
| a |
Обозначение и объем ресурса |
Электронные звуковые данные |
| 323 |
Примечание о главных создателях, исполнителях, участниках |
__ |
| a |
Примечание о главных создателях, исполнителях, участниках |
Стукалов, В. (читает) |
| 330 |
Аннотация |
__ |
| a |
Аннотация |
«Ночь перед Рождеством» - повесть, написанная русским писателем Николаем Васильевичем Гоголем. Входит в цикл «Вечера на хуторе близ Диканьки». Действие повести хронологически приурочено к эпизоду царствования Екатерины II - последней депутации запорожцев, состоявшейся в 1775 г. и связанной с работой Комиссии по упразднению Запорожской Сечи. |
| 333 |
Примечание о целевом назначении |
__ |
| a |
Примечание о целевом назначении |
12+. Для детей старше 12 лет |
| 337 |
Примечание о системных требованиях (электронные ресурсы) |
__ |
| a |
Примечание о системных требованиях (электронные ресурсы) |
Системные требования: MS Windows ; Pentium 100 ; RAM 16 Мб ; монитор SVGA, 800х600 ; устройство воспроизведения DVD/CD-ROM ; звуковая карта ; колонки или наушники ; мышь |
| 606 |
Тематические рубрики |
__ |
| a |
Основная рубрика |
Художественная литература |
| 606 |
Тематические рубрики |
__ |
| a |
Основная рубрика |
Русская литература XIX в. (произведения) |
| 610 |
Ключевые слова |
__ |
| a |
Ключевые слова |
Вакула |
| a |
Ключевые слова |
классическая литература |
| a |
Ключевые слова |
литературные персонажи |
| a |
Ключевые слова |
мистические повести |
| a |
Ключевые слова |
повести |
| a |
Ключевые слова |
русская классика |
| a |
Ключевые слова |
русская классическая литература |
| a |
Ключевые слова |
тема казаков |
| a |
Ключевые слова |
тема любви |
| a |
Ключевые слова |
тема находчивости |
| a |
Ключевые слова |
тема нечистой силы |
| a |
Ключевые слова |
тема фантастики |
| a |
Ключевые слова |
тема юмора |
| 686 |
Индексы других классификаций |
__ |
| 2 |
Код системы |
rubbks |
| a |
Классификационный индекс |
ст84(2Рос=Рус)1-4я0 |
| 700 |
Автор |
_1 |
| a |
Фамилия |
Гоголь |
| b |
Имя |
Н. В. |
| f |
Даты |
1809-1852 |
| g |
Полное личное имя |
Николай Васильевич |
| 4 |
Код отношения |
070 |
| 711 |
Наименование организации. (Альтернативная ответственность) |
__ |
| a |
Организация/ юрисдикция |
ИДДК |
| 801 |
Источник записи |
_0 |
| a |
Страна |
ru |
| b |
Организация |
Муниципальное бюджетное учреждение культуры "Централизованная библиотечная система" г. Сургут (Центральная городская библиотека им. А. С. Пушкина) |
| c |
Дата составления |
20150716 |
| g |
Правила каталогизации |
КиК/Коробейникова |
| 801 |
Источник записи |
_1 |
| a |
Страна |
ru |
| b |
Организация |
Муниципальное бюджетное учреждение культуры "Централизованная библиотечная система" г. Сургут (Центральная городская библиотека им. А. С. Пушкина) |
| c |
Дата составления |
20150716 |
| g |
Правила каталогизации |
КиК/Коробейникова |
| 852 |
Данные о местонахождении |
__ |
| j |
Шифр хранения |
ст84(2Рос=Рус)1-4я0 |
| i |
Авторский знак |
Г 58 |
| 901 |
Тип документа |
__ |
| t |
Тип документа |
0 |
| 903 |
Характеристики (МАРС) |
__ |
| a |
Дата передачи |
20150716 |
| 969 |
Тип издания |
__ |
| a |
Тип издания |
аудиокнига; издание для слепых |
| 990 |
Данные о заказе (DOS) |
__ |
| j |
Количество экземпляров (DOS) |
1 |
| t |
N записи в КСУ для И/У (DOS) |
201507 |